MESTSKÁ KNIŽNICA GIRALTOVCE  - online katalóg 

Radostné umenie kuchárske (Record no. 19679)

000 -NÁVESTIE
fixed length control field 00794nam a2200229 a 4500
008 - ÚDAJE S PEVNOU DĹŽKOU – VŠEOBECNÉ INFORMÁCIE
fixed length control field 960125s1970||||[C 0 slo c
040 ## - ZDROJ KATALOGIZÁCIE
Pôvodná katalogizujúca agentúra SNK
Jazyk katalogizácie slo
Prepisujúca agentúra SNK
Konvencie popisu AACR2
041 1# - KÓD JAZYKA
Kód jazyka textu/zvukovej stopy alebo samostatných nápisov slo
080 ## - ČÍSLO MEDZINÁRODNÉHO DESATINNÉHO TRIEDENIA (MDT)
Číslo Medzinárodného desatinného triedenia (MDT) 641.5(083.1)
020 ## - MEDZINÁRODNÉ ŠTANDARDNÉ ČÍSLO KNIHY (ISBN)
Údaje o dostupnosti 50
044 ## - KÓD KRAJINY VYDAVATEĽA/PRODUCENTA
Kód krajiny MARC xo
Kód krajiny ISO SK
100 1# - OSOBNÉ MENÁ – VŠEOBECNÉ INFORMÁCIE
Osobné meno Sečanský, Imrich
Kód roly com
245 10 - NÁZOV
Názov Radostné umenie kuchárske
Zvyšok názvu Labužnícka kuchyňa
Údaj o zodpovednosti atď. Zost. Imrich Sečanský, S. Bakošová, František Valček ; Ilustr. Juraj Kotouček ; Fot. František Spáčil
250 ## - ÚDAJ O PORADÍ VYDANIA
Údaj o poradí vydania 1. vyd.
260 ## - VYDAVATEĽSKÉ ÚDAJE, DISTRIBÚCIA ATĎ.
Miesto publikovania, distribúcie atď. Martin
Názov vydavateľa, distibútora atď. Osveta
Dátum publikovania, distribúcie atď. 1970
Miesto výroby S.l.Tlač. SNP-Neografia
Výrobca Tlač. SNP-Neografia
300 ## - FYZICKÝ POPIS
Rozsah 374, [6] s.
Sprievodný materiál 16 s. fareb. obr. príl.
700 1# - PRIDANÝ VSTUP – OSOBNÉ MENO
Osobné meno Bakošová, S.
Kód roly com
700 1# - PRIDANÝ VSTUP – OSOBNÉ MENO
Osobné meno Valček, František
Kód roly com
700 1# - PRIDANÝ VSTUP – OSOBNÉ MENO
Osobné meno Kotouček, Juraj
Kód roly ill
700 1# - PRIDANÝ VSTUP – OSOBNÉ MENO
Osobné meno Spáčil, František
Kód roly pht
958 ## - Formálny deskriptor
Formálny deskriptor A
Holdings
Stav stiahnutia (Blokovanie) (Withrawn status) Stav straty Stav poškodenia (Damaged status) Nie pre výpožičky (Not for loan) Spôsob nadobudnutia (Collection code) Trvalé umiestnenie Aktuálne umiestnenie Dátum nadobudnutia Náklady, bežná kúpna cena Inventárne číslo (prírastkové číslo) Full call number Dátum posledného výskytu Cena s účinnosťou od Typ jednotky Koha
        Kúpa Mestská knižnica Giraltovce Mestská knižnica Giraltovce 2019-11-29 50.00 18195 I 1498 2019-11-29 2019-11-29 Odborná literatúra pre dospelých

Powered by Koha